LEADER 00991nam a2200277 i 4500 001 991001789069707536 005 20020502204149.0 008 970925s1990 ||| ||| | ||| 035 $ab10910037-39ule_inst 035 $aLE02376977$9ExL 040 $aDip.to Studi Storici$bita 082 0 $a236 100 1 $aPlacanica, Augusto$032646 245 10$aSegni dei tempi :$bil modello apocalittico nella tradizione occidentale /$cAugusto Placanica 260 $aVenezia :$bMarsilio,$c1990 300 $aXXVIII, 343 p. ;$c21 cm. 650 4$aApocalisse 650 4$aCosmogonia$xConcezione cristiana 650 4$aCristianesimo$xConcezione del mondo 650 4$aEscatologia 907 $a.b10910037$b21-09-06$c28-06-02 912 $a991001789069707536 945 $aLE023 236 PLA 1 1 $g1$i2023000037539$lle023$o-$pE0.00$q-$rl$s- $t0$u0$v0$w0$x0$y.i11014398$z28-06-02 996 $aSegni dei tempi$9496783 997 $aUNISALENTO 998 $ale023$b01-01-97$cm$da $e-$feng$gxx $h0$i1 LEADER 01954nas 2200517-a 450 001 9910142256203321 005 20260218110849.0 035 $a(DE-599)ZDB2148911-7 035 $a(CKB)1000000000322726 035 $a(CONSER)---56034581- 035 $a(DE-599)2148911-7 035 $a(EXLCZ)991000000000322726 100 $a19800201a19189999 -a- - 101 0 $apol 181 $ctxt$2rdacontent 182 $cc$2rdamedia 183 $acr$2rdacarrier 200 10$aMonitor polski $edziennik urze?dowy Rzeczypospolitej Polskiej 210 $aWarszawa $c[Rada Ministrów] 215 $a1 online resource 300 $aIssues for <2. pa?dz.-a-1939 r.>-16. listop.-a 1939 published in Paris; 28. listop.-a 1939 r.-20. maja 1940, in Angers, France; 28. maja 1945 r.-19. lutego 1947, in ?ód?; <2. maja 1947 r.-31. grudnia 1986 r.> in Warsaw. 300 $aSubtitle varies slightly. 300 $aVolumes for 1919 and various numbers of 1920 are photocopies (negative)$5DLC 311 08$aPrint version: Monitor polski : 0209-214X (DLC) 56034581 (OCoLC)5933923 517 3 $aDziennik urze?dowy Rzeczypospolitej Polskiej 531 0 $aMonit. Pol. 606 $aGazettes$zPoland 606 $aGazettes$2fast$3(OCoLC)fst00939356 606 $aPolitics and government$2fast$3(OCoLC)fst01919741 606 $aGAZETTES$2unbist 606 $aPOLAND$2unbist 607 $aPoland$xPolitics and government$vPeriodicals 607 $aPoland$2fast$1https://id.oclc.org/worldcat/entity/E39QbtfRgyP3qcDKmj68x7FVbM 607 $aPologne$xPolitique et gouvernement$xPériodiques 608 $aPeriodicals.$2fast 615 0$aGazettes 615 7$aGazettes. 615 7$aPolitics and government. 615 7$aGAZETTES. 615 7$aPOLAND. 712 02$aPoland.$bRada Ministro?w, 906 $aJOURNAL 912 $a9910142256203321 920 $aexl_impl conversion 996 $aMonitor polski$92049676 997 $aUNINA